Gaming Quiz

Random Gaming or Board Games Quiz
Score 0/190 Timer 15:00
0 Plays Today
Category Set Title % Correct
Core SetsLimited Edition Alpha
93.1%
Core SetsLimited Edition Beta
93%
Core SetsSeventh Edition
89.7%
Core SetsSixth Edition (Classic)
89.6%
Core SetsCore Set - Ninth Edition
89.5%
Core SetsFifth Edition
89.4%
Core SetsCore Set - Eighth Edition
89%
Core SetsCore Set - Tenth Edition
88.9%
Core SetsMagic 2013
88%
Core SetsMagic 2015
87.6%
Core SetsMagic 2014
87.6%
Stand-alone ExpansionsThe Dark
87.1%
Core SetsMagic 2010
85.2%
Core SetsFourth Edition
84.8%
1st BlockIce Age
84.5%
9th BlockMirrodin
84.4%
19th BlockReturn to Ravnica
82.1%
Core SetsMagic Origins
81.9%
11th BlockRavnica: City of Guilds
81.8%
Core SetsMagic 2011
81.8%
Stand-alone ExpansionsArabian Nights
79.1%
20th BlockTheros
78.9%
21st BlockKhans of Tarkir
78.9%
23rd BlockShadows over Innistrad
78.6%
16th BlockZendikar
78.2%
Core SetsUnlimited
78.1%
21st BlockDragons of Tarkir
77.4%
Core SetsRevised Edition
76.4%
Core SetsMagic 2012
76.1%
22nd BlockBattle for Zendikar
75.2%
1st BlockColdsnap
75.2%
18th BlockAvacyn Restored
75.1%
19th BlockGatecrash
74.7%
19th BlockDragon's Maze
74.1%
4th BlockUrza's Saga
73.7%
11th BlockGuildpact
73.2%
13th BlockLorwyn
73.1%
4th BlockUrza's Legacy
73%
24th BlockKaladesh
72.9%
12th BlockTime Spiral
72.8%
15th BlockShards of Alara
72.6%
22nd BlockOath of the Gatewatch
72.6%
21st BlockFate Reforged
72.5%
10th BlockChampions of Kamigawa
72.3%
16th BlockRise of the Eldrazi
71.4%
23rd BlockEldritch Moon
71.4%
Stand-alone ExpansionsLegends
71.3%
10th BlockBetrayers of Kamigawa
71.2%
9th BlockDarksteel
71.2%
16th BlockWorldwake
70.3%
From the VaultFrom the Vault: Dragons
69.7%
10th BlockSaviors of Kamigawa
69.6%
14th BlockShadowmoor
69.3%
20th BlockBorn of the Gods
69.1%
3rd BlockTempest
68.3%
18th BlockInnistrad
68.1%
24th BlockAether Revolt
67.5%
20th BlockJourney Into Nyx
67.2%
2nd BlockMirage
67%
17th BlockScars of Mirrodin
66.9%
13th BlockMorningtide
66.6%
9th BlockFifth Dawn
66.2%
14th BlockEventide
65.8%
12th BlockFuture Sight
65.7%
Category Set Title % Correct
15th BlockAlara Reborn
65.5%
17th BlockNew Phyrexia
65.3%
11th BlockDissension
65.3%
Stand-alone ExpansionsHomelands
63.6%
12th BlockPlanar Chaos
63.2%
From the VaultFrom the Vault: Legends
63.1%
15th BlockConflux
63.1%
2nd BlockWeatherlight
62.4%
8th BlockOnslaught
61.9%
17th BlockMirrodin Besieged
61.8%
From the VaultFrom the Vault: Twenty
61.6%
5th BlockMercadian Masques
61.5%
4th BlockUrza's Destiny
61.4%
BeginnersPortal
59.6%
1st BlockAlliances
59.6%
Silver-borderedUnglued
58.4%
From the VaultFrom the Vault: Angels
58%
6th BlockInvasion
57.6%
Stand-alone ExpansionsAntiquities
57.3%
18th BlockDark Ascension
56.2%
2nd BlockVisions
55.9%
8th BlockScourge
55.8%
7th BlockOdyssey
55.1%
Other Special SetsCommander 2015
53.7%
Silver-borderedUnhinged
53.5%
6th BlockPlaneshift
53.3%
8th BlockLegions
53.2%
6th BlockApocalypse
53%
7th BlockJudgment
52.5%
Stand-alone ExpansionsFallen Empires
51.2%
3rd BlockStronghold
50.9%
Other Special SetsMagic: The Gathering—Commander (2014 Edition)
50.1%
7th BlockTorment
49.6%
3rd BlockExodus
48.7%
BeginnersPortal Three Kingdoms
48.5%
Other Special SetsCommander
48.1%
MultiplayerPlanechase
47.8%
Duel DecksDuel Decks: Jace vs. Chandra
46.8%
Other Special SetsMagic: the Gathering Commander (2013 Edition)
46.7%
Other Special SetsConspiracy
46.2%
5th BlockProphecy
46.2%
5th BlockNemesis
46.1%
Duel DecksDuel Decks: Elves vs. Goblins
45.9%
Other Special SetsCommander (2016 Edition)
45.6%
Other Special SetsModern Masters
43.7%
Other Special SetsEternal Masters
42.8%
Other Special SetsModern Masters 2015
40.2%
Other Special SetsConspiracy: Take the Crown
39.5%
Duel DecksDuel Decks: Jace vs. Vraska
38.2%
From the VaultFrom the Vault: Exiled
37.7%
From the VaultFrom the Vault: Realms
37.5%
From the VaultFrom the Vault: Annihilation
36.4%
BeginnersStarter 1999
36.3%
Duel DecksDuel Decks: Garruk vs. Liliana
36.3%
Premium Deck SeriesPremium Deck Series: Slivers
36%
MultiplayerArchenemy
35.7%
From the VaultFrom the Vault: Relics
35.4%
MultiplayerPlanechase 2012
34.7%
Digital-onlyVintage Masters
32.6%
From the VaultFrom the Vault: Lore
32.3%
BeginnersPortal Second Age
31.9%
Duel DecksDuel Decks: Phyrexia vs. The Coalition
31.8%
Duel DecksDuel Decks: Ajani vs. Nicol Bolas
31%
Premium Deck SeriesPremium Deck Series: Fire & Lightning
31%
Category Set Title % Correct
Premium Deck SeriesPremium Deck Series: Graveborn
30.9%
Duel DecksDuel Decks: Elspeth vs. Kiora
30.5%
Duel DecksDuel Decks: Divine vs. Demonic
30.2%
Digital-onlyMasters Edition
29.9%
Duel DecksDuel Decks: Knights vs. Dragons
29.6%
Other Special SetsChronicles
29.6%
Duel DecksDuel Decks: Speed vs. Cunning
28.6%
Duel DecksDuel Decks: Sorin vs. Tibalt
26.8%
Digital-onlyMasters Edition II
26.6%
Digital-onlyMasters Edition III
25.9%
Duel DecksDuel Decks: Heroes vs. Monsters
25.8%
Duel DecksDuel Decks: Izzet vs. Golgari
25.6%
BeginnersStarter 2000
24.3%
Duel DecksDuel Decks: Elspeth vs. Tezzeret
24%
Digital-onlyMasters Edition IV
23.3%
VanguardVanguard
22.8%
Duel DecksDuel Decks: Venser vs. Koth
22.6%
Duel DecksDuel Decks: Zendikar vs. Eldrazi
22.5%
Duel DecksDuel Decks: Nissa vs. Ob Nixilis
22.4%
Deck Builder's ToolkitsDeck Builder's Toolkit
20.2%
Other Special SetsCommander's Arsenal
20.1%
Digital-onlyTempest Remastered
19.5%
Other Special SetsBeatdown
19.1%
Duel DecksDuel Decks: Blessed vs. Cursed
18.7%
Digital-onlyDuels of the Planeswalkers
17.5%
VanguardVanguard III
17%
MultiplayerPlanechase Anthology
16.3%
Deck Builder's ToolkitsDeck Builder's Toolkit (Refreshed Version)
16.3%
VanguardVanguard II
16%
Digital-onlyMagic 2014—Duels of the Planeswalkers
14.9%
Deck Builder's ToolkitsDeck Builder's Toolkit (2012 Edition)
14.3%
Deck Builder's ToolkitsDeck Builder's Toolkit (2014 Core Set Edition)
14%
Digital-onlyDuels of the Planeswalkers 2013
14%
Digital-onlyDuels of the Planeswalkers 2012
13.9%
Deck Builder's ToolkitsDeck Builder's Toolkit (Magic Origins Edition)
13.8%
Deck Builder's ToolkitsDeck Builder's Toolkit (Shadows Over Innistrad Edition)
13.4%
Deck Builder's ToolkitsDeck Builder's Toolkit (2015 Core Set Edition)
13%
Digital-onlyMagic 2015—Duels of the Planeswalkers
12.9%
Gold-borderedCollector's Edition (Domestic)
12.5%
Other Special SetsRenaissance (French/German)
10.7%
Other Special SetsAnthologies
10.3%
Other Special SetsDeckmasters: Garfield vs. Finkel
10.1%
Other Special SetsBattle Royale
10%
Digital-onlyAstral
9.6%
Duel DecksDuel Decks Anthology
9.3%
Gold-bordered2004 World Championship Decks
7.7%
Gold-bordered1999 World Championship Decks
7.4%
Gold-bordered1998 World Championship Decks
7.2%
Gold-bordered2000 World Championship Decks
7.2%
Other Special SetsRenaissance (Italian)
7.1%
Gold-bordered2001 World Championship Decks
7.1%
Gold-bordered1997 World Championship Decks
7%
Gold-bordered2002 World Championship Decks
6.9%
Other Special SetsModern Event Deck 2014
6.9%
Gold-bordered2003 World Championship Decks
6.8%
Gold-borderedCollector's Edition (International)
6.3%
Duel DecksDuel Decks: Mirrodin Pure vs. New Phyrexia
6.3%
Digital-onlySega Dreamcast Game Cards
5.4%
Digital-onlyMagic Duels: Origins
4.9%
Other Special SetsRivals Quick Start Set
3.4%
Other Special SetsMultiverse Gift Box
2.6%
Gold-bordered1996 Pro Tour Collector Set
2.2%

You're not logged in!

Compare scores with friends on all Sporcle quizzes.
OR
Log In

Sporcle TV

Today on Sporcle TV


Watch our educational content, quiz creation guides, and fun videos on Sporcle TV.

Show Comments

Extras

Top Quizzes Today


Score Distribution

Paid Content

Your Account Isn't Verified!

In order to create a playlist on Sporcle, you need to verify the email address you used during registration. Go to your Sporcle Settings to finish the process.

Report this User

Report this user for behavior that violates our Community Guidelines.

Details: